000 00615nam a2200205Ia 4500
003 GCL
008 140319s9999 xx 000 0 ara d
040 _aGCL /
_cGCL
082 0 4 _aم
_b330.03
_bد ق
100 1 _aمكتبة لبنان
245 1 0 _aقاموس الاقتصاد والتجارة انجليزى - عربى /
_cمكتبة لبنان
260 _a[S.N] :
_bمكتبة لبنان ،
_c1993
300 _a383 ص
650 0 4 _aالاقتصاد
650 0 4 _aالتجارة
650 0 4 _aاللغة العربية
650 0 4 _aالمعاجم
650 0 4 _aالمصطلحات
942 _2ddc
_cREF
999 _c59571
_d59571